000 01096pam a2200301 a 4500
999 _c1880
_d1880
001 017171682
003 UkOxU
005 20230213153020.0
008 091109r20062005enk 000 1 eng|d
015 _aGBA9B1046
_2bnb
020 _a9780571258093 (pbk.) :
020 _a0571258093 (pbk.) :
035 _a(Uk)015421363
040 _aStDuBDS
_beng
_cStDuBDS
_dUk
_dKH8
042 _aukblcatcopy
082 0 4 _aFIC ISH
_222
100 1 _aIshiguro, Kazuo,
_d1954-
245 1 0 _aNever let me go /
_cKazuo Ishiguro.
260 _aLondon :
_bFaber and Faber,
_c2006.
300 _a282 p. ;
_c20 cm.
500 _aOriginally published: 2005.
500 _aFormerly CIP.
_5Uk
520 _aKathy, Ruth and Tommy were pupils at Hailsham - an idyllic establishment situated deep in the English countryside. The children there were tenderly sheltered from the outside world, brought up to believe they were special, and that their personal welfare was crucial. But for what reason were they really there?
650 _aOrgan donors
650 _aEngland
650 _aCloning
942 _2ddc
_cFIC